00249nam a2200097Ia 4500008004100000082001400041100001400055245004300069260003000112300000900142210430s9999 xx 000 0 und d a340P294 T aG.W.PATON 2aA Textbook of JurisprudencecG.W.PATON aNew yorkbG.W.PATONc1972 a659P